Statystyki dla Zadymiarze na literę ,,C'' Brawl stars 2024

Kliknij tutaj aby rozwiązać quiz!

Ogólne statystyki

  • Ten quiz został rozwiązany 46 razy
  • Średni wynik to 3 z 7

Statystyki odpowiedzi

RzadkośćZadymiarze na ,,C''% Poprawnych
LegendarnyChester
64%
Bardzo rzadkiCarl
57%
RzadkiColt
57%
LegendarnyCordelius
54%
MitycznyCharlie
46%
MitycznyChuck
39%
EpickiColette
21%

Rozkład punktacji

Percentyl według liczby udzielonych odpowiedzi

Procent ludzi z każdym wynikiem

Twoja historia wyników

Nie rozwiązałeś tego quizu